000 00239nam a2200109Ia 4500
008 190216s9999||||xx |||||||||||||| ||und||
100 _aPorunna P R
245 0 _aChurukkam Chilar
260 _bDc Books
650 _aMalayalam
942 _cBK
999 _c26746
_d26746